000 01000nam a2200277 i 4500
001 bg
100 1 _aPROSNAK, Włodzimierz J.
_d(1925- ).
245 1 0 _aPrzegląd równań występujących w klasycznej mechanice płynów /
_cWłodzimierz J. Prosnak.
260 _aSopot :
_bIO PAN,
_c2004.
300 _a219 s. :
_brys., wykr. ;
_c24 cm.
490 1 _aRozprawy i Monografie / Polska Akademia Nauk. Instytut Oceanologii w Sopocie,
_x0866-9988 ;
_v17
504 _aBibliogr. przy rozdz.
650 9 _aMechanika płynów
_xteoria
650 9 _aRównania całkowe
_xstosowanie
_xfizyka
650 9 _aRównania różniczkowe
_xstosowanie
_xfizyka
655 _aPodręczniki akademickie
830 0 _aRozprawy i Monografie (Polska Akademia Nauk. Instytut Oceanologii w Sopocie) ;
_v17
015 _aPB 6028/2005
020 _a8391190188
040 _cBPK
041 0 _apol
080 _a532:517.9](075.8)
920 _a83-911901-8-8
942 _cKS
008 s pl f |000 0 pol
999 _c46464
_d46464
856 _uhttp://koha.tu.koszalin.pl/cgi-bin/koha/opac-detail.pl?biblionumber=46464
_yKatalog online BPK